000 00721nam a2200193 a 4500
005 20240419063756.0
008 991125s1968 mx 000 0 spa u
035 _aUPN01000028065
049 _aCG
050 4 _aF1234
_bB5.3 no.46
100 1 _aMartínez Núñez, Eugenio,
_d1893-1932
_929168
245 1 0 _aHistoria de la Revolución Mexicana :
_blos mártires de San Juan de Ulúa /
_cEugenio Martínez Núñez.
260 _aMéxico :
_bINEHRM,
_c1968.
300 _a266 p.
440 0 _aBiblioteca del Instituto Nacional de Estudios Históricos de la Revolución Mexicana ;
_v46
651 4 _aMéxico
_xHistoria
_yRevolución, 1910-1917
_9223
651 4 _aSan Juan de Ulúa, Veracruz
_xHistoria
_919239
905 _aLibro
999 _c28065
_d28065